Statistics for Clueless #10

Click here to take the quiz!

General Stats

  • This quiz has been taken 339 times
    (9 since last reset)
  • The average score is 103 of 259

Answer Stats

Word % Correct
     isn't.     
100%
      the      
100%
       I        
100%
      me.      
100%
       I        
100%
       me       
100%
       my       
100%
      I'm      
100%
      I've      
100%
     isn't!     
100%
     wasn't     
100%
    isn't."    
100%
    wasn't.    
100%
     isn't.     
100%
    (pause)    
100%
    (Pause)    
100%
     isn't      
100%
      the      
100%
       An       
86%
     did!!      
86%
       is       
86%
      was      
86%
       a        
86%
      is!      
86%
      are      
86%
       Is       
86%
       is       
86%
     can't.     
86%
      DID!      
86%
      did      
86%
      did!      
86%
      is!      
86%
      did      
86%
      did.      
86%
      Did.      
86%
     didn't     
86%
     don't      
86%
    didn't!    
86%
    didn't.    
86%
     didn't     
86%
    didn't.    
86%
    didn't;    
86%
       Is       
86%
      is.      
86%
      is.      
86%
       an       
86%
       an       
86%
     When?      
86%
       a        
86%
      was.      
86%
      not      
71%
      no.      
71%
      not      
71%
      not.      
71%
     not!!      
71%
       on       
71%
      Not      
71%
      not.      
71%
      on!      
71%
     have.      
71%
      have      
71%
     have.      
71%
      No,      
71%
    haven't.    
71%
      no,      
71%
       No       
71%
      you!      
71%
      had      
71%
      Yes      
71%
      Yes,      
71%
      Yes      
71%
      "No      
71%
       No       
71%
    haven't.    
71%
      you      
71%
      You      
71%
      you      
71%
      you,      
71%
      you.      
71%
     you're     
71%
     you've     
71%
      have      
71%
     you'll     
71%
      five      
71%
     Hums)      
71%
    (Arguer    
71%
      one      
71%
      five      
71%
       it       
57%
     what?      
57%
     saying     
57%
     What?      
57%
     What?!     
57%
       in       
57%
      why      
57%
      It's      
57%
      it.      
57%
       It       
57%
     person     
57%
       it       
57%
       of       
57%
       It       
57%
       up       
43%
      up.      
43%
      can      
43%
    anymore.    
43%
      that      
43%
      up.      
43%
     right.     
43%
       to       
43%
       to       
43%
     That's     
43%
       go       
43%
     that's     
43%
     right      
43%
     money)     
43%
      for      
43%
     (pays      
43%
     that.      
43%
      That      
43%
     thing      
43%
      for      
43%
     this.      
29%
      this      
29%
     let's      
29%
      any      
29%
    Anyway,    
29%
    telling    
29%
      told      
29%
     time.      
29%
      this      
29%
     never      
29%
      but      
29%
      Now      
29%
      now.      
29%
      Got      
29%
    getting    
29%
      get      
29%
   gainsaying   
29%
     could      
29%
      all      
29%
       or       
29%
   certainly    
29%
       If       
29%
       if       
29%
       If       
29%
      came      
29%
      came      
29%
      come      
29%
      but      
29%
      all.      
29%
      be.      
29%
       be       
29%
      take      
29%
      now.      
29%
      Aha.      
14%
     spare      
14%
     once.      
14%
     about      
14%
     other      
14%
      just      
14%
      must      
14%
     really     
14%
      here      
14%
      here      
14%
     hour?      
14%
       Oh       
14%
      Oh,      
14%
      Ah,      
14%
      with      
14%
      Oh,      
14%
      must      
14%
    another    
14%
      just      
14%
       at       
14%
      Just      
14%
    minutes.    
14%
      most      
14%
     then.      
14%
    minutes.    
14%
    minutes    
14%
     minute     
14%
    minutes,    
14%
    minutes!    
14%
     Well,      
0%
      Well      
0%
      want      
0%
      want      
0%
      room      
0%
     thank      
0%
     Well?      
0%
     series     
0%
     Thank      
0%
      Shut      
0%
     sorry,     
0%
     Sorry,     
0%
     unless     
0%
   statement    
0%
   statements   
0%
  ridiculous.  
0%
      full      
0%
     quite      
0%
     Circus     
0%
     Look,      
0%
     look,      
0%
    arguing,    
0%
    argument    
0%
   argument.    
0%
   automatic    
0%
     (Rings     
0%
     bell)      
0%
  interested.  
0%
    intended    
0%
  intellectual  
0%
     clear;     
0%
     Look,      
0%
   connected    
0%
  contradicted  
0%
 Contradiction  
0%
 contradiction. 
0%
    contrary    
0%
   definitely   
0%
     enough     
0%
   establish    
0%
     Flying     
0%
      half      
0%
      Good      
0%
      good      
0%
     look.      
0%
     makes.     
0%
    Python's    
0%
     argue      
0%
  proposition.  
0%
    process.    
0%
   position.    
0%
     afraid     
0%
     paid.      
0%
     paid!      
0%
      pay.      
0%
      pay      
0%
     paid.      
0%
     paid!      
0%
      pay,      
0%
    allowed    
0%
    arguing,    
0%
    moment.    
0%
    futile!    
0%
   Nonsense!    
0%
    argument    
0%
    Argument    
0%
   argument.    
0%
   argument?    
0%
     argue      
0%
    arguing    
0%
  necessarily.  
0%
    Morning.    
0%
    morning.    
0%
     Monty      
0%
    arguing?    
0%

Score Distribution

Percentile by Number Answered

Percent of People with Each Score

Your Score History

You have not taken this quiz since the last reset